Death in paradise / Robert B. Parker.
Record details
- ISBN: 9780399147791
- ISBN: 0399147799
- Physical Description: 294 pages ; 24 cm.
- Publisher: New York : G.P. Putnam's Sons, ©2001.
Search for related items by subject
| Subject: | Stone, Jesse (Fictitious character). Police > Massachusetts > Fiction. Police chiefs > Fiction. Detective and mystery stories. Massachusetts > Fiction. |
Available copies
- 1 of 1 copy available at scottsboropl.
Holds
- 0 current holds with 1 total copy.
Show Only Available Copies
| Location | Call Number / Copy Notes | Barcode | Shelving Location | Status | Due Date |
|---|---|---|---|---|---|
| scottsboropl | F Par | 32269000672215 | Adult - Fiction | Available | - |
| LDR | 00953cam a2200301 a 4500 | ||
|---|---|---|---|
| 001 | 120714 | ||
| 003 | CONS | ||
| 005 | 20150630130833.0 | ||
| 008 | 010502s2001 nyu 000 1 eng | ||
| 010 | . | ‡a 2001031874 | |
| 020 | . | ‡a9780399147791 | |
| 020 | . | ‡a0399147799 | |
| 035 | . | ‡a(CPomAG)LMN428340 | |
| 043 | . | ‡an-us-ma | |
| 050 | 0 | 0. | ‡aPS3566.A686 ‡bD4 2001 |
| 082 | 0 | 0. | ‡a813/.54 ‡221 |
| 100 | 1 | . | ‡aParker, Robert B., ‡d1932-2010. |
| 245 | 1 | 0. | ‡aDeath in paradise / ‡cRobert B. Parker. |
| 260 | . | ‡aNew York : ‡bG.P. Putnam's Sons, ‡c©2001. | |
| 300 | . | ‡a294 pages ; ‡c24 cm. | |
| 650 | 0. | ‡aStone, Jesse (Fictitious character). | |
| 650 | 0. | ‡aPolice ‡zMassachusetts ‡vFiction. | |
| 650 | 0. | ‡aPolice chiefs ‡vFiction. | |
| 650 | 0. | ‡aDetective and mystery stories. | |
| 651 | 0. | ‡aMassachusetts ‡vFiction. | |
| 914 | . | ‡dNAC_cp | |
| 959 | . | ‡i32269000672215 ‡lF Par ‡aAdult - Fiction ‡tFiction ‡g25.00 | |
| 852 | . | ‡p32269000672215 ‡jF Par ‡gAdult - Fiction ‡cFiction ‡y25.00 ‡bSBPL | |
| 901 | . | ‡a120714 ‡bUnknown ‡c120714 ‡tbiblio | |